ბათუმის შოთა რუსთაველის სახელმწიფო უნივერსიტეტის ბიბლიოთეკა

Civilisation en dialogues : (ბიბ.ჩანაწერი № 51302)

000 -LEADER
fixed length control field 00766nam a2200253Ia 4500
001 - CONTROL NUMBER
control field 18271
003 - CONTROL NUMBER IDENTIFIER
control field GE_BSU
005 - DATE AND TIME OF LATEST TRANSACTION
control field 20230324173352.0
008 - FIXED-LENGTH DATA ELEMENTS--GENERAL INFORMATION
fixed length control field 181216s2008||||fr |||||||||||||| ||fre||
020 ## - INTERNATIONAL STANDARD BOOK NUMBER
International Standard Book Number 9782090352153
040 ## - CATALOGING SOURCE
Transcribing agency GE_BSU
041 ## - LANGUAGE CODE
Language code of text/sound track or separate title Fre
080 ## - UNIVERSAL DECIMAL CLASSIFICATION NUMBER
Universal Decimal Classification number 811.133.1 G-72
100 ## - MAIN ENTRY--PERSONAL NAME
Personal name Grand-Clement, Odile
9 (RLIN) 17241
245 ## - TITLE STATEMENT
Title Civilisation en dialogues :
Remainder of title Niveau Intermediaire /
Statement of responsibility, etc. Odile Grand-Clement ; Odile Tanoh-Benon
264 ## - PRODUCTION, PUBLICATION, DISTRIBUTION, MANUFACTURE, AND COPYRIGHT NOTICE
Place of production, publication, distribution, manufacture Paris :
Name of producer, publisher, distributor, manufacturer CLE International,
Date of production, publication, distribution, manufacture, or copyright notice 2008.
300 ## - PHYSICAL DESCRIPTION
Extent 126 p. :
Other physical details ill. ;
Dimensions 29 cm.
Accompanying material +1CD
653 ## - INDEX TERM--UNCONTROLLED
keyword Civilisation en dialogues
653 ## - INDEX TERM--UNCONTROLLED
keyword Niveau Intermediaire
653 ## - INDEX TERM--UNCONTROLLED
keyword ფრანგული ენა
700 ## - ADDED ENTRY--PERSONAL NAME
Personal name Tanoh-Benon, Odile
Relator term Edition
9 (RLIN) 7390
942 ## - ADDED ENTRY ELEMENTS (KOHA)
Koha item type წიგნი
Source of classification or shelving scheme
ეგზემპლარები
Withdrawn status Lost status Source of classification or shelving scheme Damaged status Not for loan Permanent Location Current Location Shelving location Date acquired Cost, normal purchase price Full call number Barcode Date last seen Copy number Price effective from Koha item type Public note
          ბათუმის შოთა რუსთაველის სახელმწიფო უნივერსიტეტის მთავარი ბიბლიოთეკა ბათუმის შოთა რუსთაველის სახელმწიფო უნივერსიტეტის მთავარი ბიბლიოთეკა წიგნსაცავი 2018-12-17 103.50 811.133.1 G-72 46529 2018-12-17 46529 2018-12-17 წიგნი 103.50 GEL.
          ბათუმის შოთა რუსთაველის სახელმწიფო უნივერსიტეტის მთავარი ბიბლიოთეკა ბათუმის შოთა რუსთაველის სახელმწიფო უნივერსიტეტის მთავარი ბიბლიოთეკა წიგნსაცავი 2018-12-17 88.00 811.133.1 G-72 57801 2018-12-17 57801 2018-12-17 წიგნი 88.00 GEL.
          ბათუმის შოთა რუსთაველის სახელმწიფო უნივერსიტეტის მთავარი ბიბლიოთეკა ბათუმის შოთა რუსთაველის სახელმწიფო უნივერსიტეტის მთავარი ბიბლიოთეკა წიგნსაცავი 2018-12-17 88.00 811.133.1 G-72 57802 2018-12-17 57802 2018-12-17 წიგნი 88.00 GEL.